Catálogo

MEDICINA FORENSE (Registro nro. 6533)

Detalles MARC
000 -LEADER
fixed length control field 00460nam a2200181 a 4500
001 - CONTROL NUMBER
control field 6533
005 - DATE AND TIME OF LATEST TRANSACTION
control field 20180713190406.0
008 - FIXED-LENGTH DATA ELEMENTS--GENERAL INFORMATION
fixed length control field 140415s1991 000 0 spa d
020 ## - INTERNATIONAL STANDARD BOOK NUMBER
International Standard Book Number 9686356401
041 ## - LANGUAGE CODE
Language code of text/sound track or separate title spa
082 ## - DEWEY DECIMAL CLASSIFICATION NUMBER
Classification number 614.19
Item number TEL
100 1# - MAIN ENTRY--PERSONAL NAME
Personal name TELLO, FRANCISCO JAVIER
245 10 - TITLE STATEMENT
Title MEDICINA FORENSE
260 ## - PUBLICATION, DISTRIBUTION, ETC.
Place of publication, distribution, etc. [s.l.] :
Name of publisher, distributor, etc. HARLA,
Date of publication, distribution, etc. 1991
300 ## - PHYSICAL DESCRIPTION
Extent 359
490 ## - SERIES STATEMENT
Series statement TEXTOS JURIDICOS UNIVERSITARIOS
650 14 - SUBJECT ADDED ENTRY--TOPICAL TERM
Topical term or geographic name entry element MEDICINA LEGAL
Existencias
Withdrawn status Lost status Source of classification or shelving scheme Damaged status Not for loan Home library Current library Shelving location Date acquired Source of acquisition Total Checkouts Full call number Barcode Price effective from Koha item type Collection code Inventory number Date last seen Date last checked out
  No inventariado Dewey Decimal Classification     Biblioteca Karol Wojtyla Biblioteca Karol Wojtyla   03/12/2013 Compra   614.19 TEL 55546 03/12/2013 Libro        
  No inventariado Dewey Decimal Classification     Biblioteca Karol Wojtyla Biblioteca Karol Wojtyla   03/12/2013 Compra   614.19 TEL 35521 03/12/2013 Libro        
  No inventariado Dewey Decimal Classification     Biblioteca Karol Wojtyla Biblioteca Karol Wojtyla   03/12/2013 Compra   614.19 TEL 34746 03/12/2013 Libro        
    Dewey Decimal Classification     Biblioteca Karol Wojtyla Biblioteca Karol Wojtyla Sala general 03/12/2013 Compra   614.19 TEL 19058 03/12/2013 Libro General 151000000000000000006414 05/01/2026 21/06/2018
    Dewey Decimal Classification     Biblioteca Karol Wojtyla Biblioteca Karol Wojtyla Sala general 03/12/2013 Compra   614.19 TEL 19059 03/12/2013 Libro General 151000000000000000006415 05/01/2026 10/02/2015
    Dewey Decimal Classification     Biblioteca Karol Wojtyla Biblioteca Karol Wojtyla Sala general 03/12/2013 Compra   614.19 TEL 35520 03/12/2013 Libro General 151000000000000000006416 05/01/2026 10/02/2015
  No inventariado Dewey Decimal Classification     Biblioteca Karol Wojtyla Biblioteca Karol Wojtyla   03/12/2013 Compra   614.19 TEL 34745 03/12/2013 Libro